000
00333nam a22001457a 4500
008
210301b ||||| |||| 00| 0 eng d
020
_a
9780205581481
041
_a
eng
080
_2
9th
_a
32
082
_a
32
100
_a
19
101
_a
SHP
245
_a
Public Relations Strategies and Tactics
_c
Wilcox, D.L
942
_2
udc
_c
BK
999
_c
55372
_d
55372